Asourcebook of the criminal law of Africa: cases,statutes and Materials

Сохранить в:
Библиографические подробности
Главный автор: Seidman,Robert B.
Формат:
Опубликовано: London : Sweet and Maxwell. ; c 1966.
Предметы:
Метки: Добавить метку
Нет меток, Требуется 1-ая метка записи!

MARC

LEADER 00000cam a22000004a 4500
005 20251006123427.0
020 |a N/A  |c TZS.8,000/= 
040 |a MCCL  |b eng.  |e AACR 2nd rev.ed. 
082 |a 343.096 SEI 
100 |a Seidman,Robert B. 
245 1 0 |a Asourcebook of the criminal law of Africa:  |b cases,statutes and Materials  |c / Seidman,Robert B. 
260 |a London :  |b Sweet and Maxwell. ;  |c c 1966. 
300 |a xl,647 p. :  |c 21 cm. 
504 |a Includes index. 
650 0 |a Punishment 
650 0 |a Legality 
650 0 |a Morality 
700 |a Seidman,Robert B. 
942 |c BK 
999 |c 12075  |d 12075